[Event "SLO-chT2 West"]
[Site "Kranj"]
[Date "2004.10.16"]
[Round "2.6"]
[White "Ajdarpasic, Seco"]
[Black "Drnovsek, Gal"]
[Result "1-0"]
[WhiteElo "1500"]
[BlackElo "1500"]
[PlyCount "120"]
[EventDate "2004.10.15"]
[EventType "team"]
[EventRounds "3"]
[EventCountry "SLO"]
[SourceTitle "EXT 2009"]
[Source "ChessBase"]
[SourceDate "2008.11.26"]
[SourceVersion "1"]
[SourceVersionDate "2008.11.26"]
[SourceQuality "1"]

1. d4 c5 2. c3 d6 3. e3 cxd4 4. cxd4 Nf6 5. Nc3 Nc6 6. Nf3 e6 7. a3 Be7 8. Bd3 d5 9. b4 a6 10. 0-0 0-0 11. h3 Re8 12. Bb2 Bd7 13. Nh2 h6 14. Rc1 b5 15. Bb1 Bd6 16. Nf3 Qc7 17. e4 dxe4 18. Nxe4 Nxe4 19. Bxe4 Rac8 20. Re1 Qb6 21. Ne5 Qb7 22. Nd3 Red8 23. Nc5 Bxc5 24. Rxc5 Qc7 25. Qd2 Be8 26. Rec1 Qb6 27. Qe3 Qb7 28. Qf3 Rd6 29. Qg3 Rdd8 30. d5 f6 31. dxc6 Qe7 32. Bg6 Bxg6 33. Qxg6 Qf7 34. Qe4 e5 35. c7 Re8 36. Qb7 Qb3 37. Qd5+ Qxd5 38. Rxd5 Kf7 39. Rd6 Re7 40. Rdc6 Re6 41. R6c5 Ree8 42. g3 g5 43. Bc3 Re7 44. Bd2 Kg6 45. Be3 f5 46. Rc6+ Kg7 47. Bb6 Ree8 48. Ba5 f4 49. Kg2 h5 50. Rd6 Kf7 51. Rcc6 e4 52. Rf6+ Kg7 53. gxf4 gxf4 54. Rxf4 e3 55. fxe3 Rxe3 56. Rf3 Re2+ 57. Kg3 Ree8 58. Rd6 Ra8 59. Rfd3 Kf7 60. Rd8 Raxd8 1-0